Statystyki dla Największe miasta na Bliskim Wschodzie (z mapą)

Kliknij tutaj aby rozwiązać quiz!

Ogólne statystyki

  • Ten quiz został rozwiązany 3 284 razy
  • Średni wynik to 10 z 15

Odpowiedzi na mapie

Odpowiedzi skodowane kolorowo w zielono-czerwonej skali na mapie do tego quizu, zgodnie z poniższymi procentami.
 

Statystyki odpowiedzi

LudnośćMiasto% Poprawnych
15,8 mlnStambuł
96%
4,98 mlnAnkara
95%
20,5 mlnKair
95%
4,90 mlnDubaj
86%
15,0 mlnTeheran
86%
3,75 mlnDamaszek
78%
5,70 mlnAleksandria
77%
6,85 mlnBagdad
75%
4,68 mlnKuwejt
73%
7,75 mlnRijad
73%
5,45 mlnAmman
56%
3,02 mlnIzmir
44%
4,78 mlnDżudda
21%
3,15 mlnIsfahan
19%
3,15 mlnMeszhed
17%

Rozkład punktacji

Percentyl według liczby udzielonych odpowiedzi

Procent ludzi z każdym wynikiem

Twoja historia wyników

Nie rozwiązałeś tego quizu